Sports Quiz

Random Sports or Soccer Quiz
Score 0/30 Timer 08:00
0 Plays Today
Platz Klub % Correct
1FC Bayern München
96.4%
8Bayer 04 Leverkusen
96%
2Borussia Dortmund
95.4%
3SV Werder Bremen
93.2%
20Karlsruher SC
90.6%
4Hamburger SV
90.2%
7Borussia Mönchengladbach
88.8%
6FC Schalke 04
88.7%
5VfB Stuttgart
87.5%
101. FC Köln
85.2%
141. FC Nürnberg
79.6%
12Hertha BSC
78.3%
21TSV 1860 München
77.6%
9Eintracht Frankfurt
76.7%
111.FC Kaiserslautern
76.5%
Platz Klub % Correct
15VfL Wolfsburg
76.3%
19SC Freiburg
75.2%
18Fortuna Düsseldorf
74.8%
29RB Leipzig
68.9%
231. FSV Mainz 05
67.2%
25Arminia Bielefeld
67.2%
24TSG 1899 Hoffenheim
67%
16Hannover 96
66.8%
28FC Augsburg
63.6%
13VfL Bochum
59.5%
30FC St. Pauli
51.6%
17MSV Duisburg
50.3%
22Eintracht Braunschweig
49.5%
26FC Hansa Rostock
45.2%
27KFC Uerdingen 05
35.8%
Remove Ads.
Support Sporcle.
Get the best of Sporcle when you Go Orange. This ad-free experience offers more features, more stats, and more fun while also helping to support Sporcle. Thank you for becoming a member.

You're not logged in!

Compare scores with friends on all Sporcle quizzes.
OR
Log In

Sporcle TV

Today on Sporcle TV


Watch our educational content, quiz creation guides, and fun videos on Sporcle TV.

Show Comments

Extras

Created Jun 29, 2020ReportNominate
Tags:Soccer Quiz

Top Quizzes Today


Score Distribution

Paid Content

Your Account Isn't Verified!

In order to create a playlist on Sporcle, you need to verify the email address you used during registration. Go to your Sporcle Settings to finish the process.

Report this User

Report this user for behavior that violates our Community Guidelines.

Details: